<?xml version="1.0" encoding="UTF-8"?>
<record
    xmlns:xsi="http://www.w3.org/2001/XMLSchema-instance"
    xsi:schemaLocation="http://www.loc.gov/MARC21/slim http://www.loc.gov/standards/marcxml/schema/MARC21slim.xsd"
    xmlns="http://www.loc.gov/MARC21/slim">

  <leader>00947nam a2200217 a 4500</leader>
  <controlfield tag="003">EG-GiCUC</controlfield>
  <controlfield tag="008">090124s2000    ua     g      000 0 ara d</controlfield>
  <datafield tag="040" ind1=" " ind2=" ">
    <subfield code="a">EG-GiCUC</subfield>
    <subfield code="b">ara</subfield>
    <subfield code="c">EG-GiCUC</subfield>
  </datafield>
  <datafield tag="092" ind1="0" ind2="4">
    <subfield code="a">578.7</subfield>
    <subfield code="b">M9539</subfield>
    <subfield code="2">21</subfield>
  </datafield>
  <datafield tag="099" ind1=" " ind2=" ">
    <subfield code="a">04</subfield>
    <subfield code="a">578.7 M9539</subfield>
  </datafield>
  <datafield tag="245" ind1="0" ind2="0">
    <subfield code="a">&#x645;&#x62E;&#x62A;&#x635;&#x631; &#x627;&#x644;&#x645;&#x639;&#x644;&#x648;&#x645;&#x627;&#x62A; &#x627;&#x644;&#x627;&#x633;&#x627;&#x633;&#x64A;&#x629; &#x644;&#x645;&#x62E;&#x637;&#x637; &#x627;&#x644;&#x62A;&#x646;&#x648;&#x639; &#x627;&#x644;&#x628;&#x64A;&#x648;&#x644;&#x648;&#x62C;&#x649; &#x641;&#x649; &#x644;&#x628;&#x646;&#x627;&#x646;/</subfield>
    <subfield code="c">&#x627;&#x639;&#x62F;&#x627;&#x62F; &#x627;&#x644;&#x627;&#x62A;&#x62D;&#x627;&#x62F; &#x627;&#x644;&#x62F;&#x648;&#x644;&#x649; &#x644;&#x635;&#x648;&#x646; &#x627;&#x644;&#x637;&#x628;&#x64A;&#x639;&#x629;-&#x627;&#x644;&#x627;&#x62A;&#x62D;&#x627;&#x62F; &#x627;&#x644;&#x639;&#x627;&#x644;&#x645;&#x649; &#x644;&#x644;&#x635;&#x648;&#x646;&#x61B;&#x62C;&#x648;&#x646; &#x645;&#x627;&#x631;&#x634;&#x61B;&#x62A;&#x631;&#x62C;&#x645;&#x629; &#x627;&#x644;&#x645;&#x62D;&#x62C;&#x648;&#x628; &#x627;&#x644;&#x647;&#x64A;&#x628;&#x629;</subfield>
  </datafield>
  <datafield tag="260" ind1=" " ind2=" ">
    <subfield code="a">&#x644;&#x628;&#x646;&#x627;&#x646;:</subfield>
    <subfield code="b">&#x648;&#x632;&#x627;&#x631;&#x629; &#x627;&#x644;&#x628;&#x64A;&#x626;&#x629;:</subfield>
    <subfield code="c">2000</subfield>
  </datafield>
  <datafield tag="300" ind1=" " ind2=" ">
    <subfield code="a">65&#x635;&#x61B;</subfield>
    <subfield code="c">30&#x633;&#x645;</subfield>
  </datafield>
  <datafield tag="650" ind1=" " ind2="7">
    <subfield code="a">&#x627;&#x644;&#x643;&#x627;&#x626;&#x646;&#x627;&#x62A; &#x627;&#x644;&#x62D;&#x64A;&#x629;</subfield>
    <subfield code="x">&#x62A;&#x623;&#x62B;&#x64A;&#x631; &#x627;&#x644;&#x628;&#x64A;&#x626;&#x629; &#x639;&#x644;&#x649;</subfield>
    <subfield code="2">qrmak</subfield>
  </datafield>
  <datafield tag="700" ind1="1" ind2=" ">
    <subfield code="a">&#x627;&#x644;&#x647;&#x64A;&#x628;&#x629; : &#x627;&#x644;&#x645;&#x62D;&#x62C;&#x648;&#x628;</subfield>
  </datafield>
  <datafield tag="700" ind1="1" ind2=" ">
    <subfield code="a">&#x645;&#x627;&#x631;&#x634; : &#x62C;&#x648;&#x646;</subfield>
  </datafield>
  <datafield tag="902" ind1=" " ind2=" ">
    <subfield code="a">1</subfield>
  </datafield>
  <datafield tag="905" ind1=" " ind2=" ">
    <subfield code="a">&#x627;&#x645;&#x64A;&#x631;&#x629;</subfield>
    <subfield code="e">&#x645;&#x62F;&#x62E;&#x644;</subfield>
  </datafield>
  <datafield tag="942" ind1=" " ind2=" ">
    <subfield code="2">ddc</subfield>
    <subfield code="c">BK</subfield>
  </datafield>
  <datafield tag="999" ind1=" " ind2=" ">
    <subfield code="c">111277</subfield>
    <subfield code="d">111277</subfield>
  </datafield>
  <datafield tag="952" ind1=" " ind2=" ">
    <subfield code="2">ddc</subfield>
    <subfield code="7">0</subfield>
    <subfield code="a">CUCL</subfield>
    <subfield code="b">cl410</subfield>
    <subfield code="d">2024-02-11</subfield>
    <subfield code="o">578.7 M9539 K.B.</subfield>
    <subfield code="p">01000103000333000</subfield>
    <subfield code="r">2024-06-23 00:00:00</subfield>
    <subfield code="t">C.1</subfield>
    <subfield code="y">BK</subfield>
  </datafield>
</record>
